A limited Service (Record no. 70690)
[ view plain ]
| 000 -LEADER | |
|---|---|
| fixed length control field | 01193cam a2200217 4500 |
| 001 - CONTROL NUMBER | |
| control field | ABS65625 |
| 008 - FIXED-LENGTH DATA ELEMENTS--GENERAL INFORMATION | |
| fixed length control field | 020709n2002 000 0 eng u |
| 035 ## - SYSTEM CONTROL NUMBER | |
| System control number | (Sirsi) u118748 |
| 100 ## - MAIN ENTRY--PERSONAL NAME | |
| Personal name | Howlett, D. |
| 245 #2 - TITLE STATEMENT | |
| Title | A limited Service |
| 260 ## - PUBLICATION, DISTRIBUTION, ETC. | |
| Date of publication, distribution, etc. | 2002 |
| 490 ## - SERIES STATEMENT | |
| Series statement | Accountancy |
| Volume/sequential designation | 130(1307) 66-67(2) |
| 520 ## - SUMMARY, ETC. | |
| Summary, etc. | Looks at the ASP or rented application market. Argues that companies should be wary of using ASP even for the non core business activities. For example in the HR and accounting areas the disadvantages outweigh the apparent advantages. Problems can occur here with companies not having formal management methodologies and processes to oversee these relationships. Further problems can occur with finding a particular provider that can help one's needs especially for the small to medium market. Argues there is a sizeable market to provide a model of application service delivery that matches customer expectations. |
| 590 ## - LOCAL NOTE (RLIN) | |
| Local note | ABS |
| 650 ## - SUBJECT ADDED ENTRY--TOPICAL TERM | |
| Topical term or geographic name entry element | RENTED APPLICATION MARKET |
| 650 ## - SUBJECT ADDED ENTRY--TOPICAL TERM | |
| Topical term or geographic name entry element | ASP |
| 650 ## - SUBJECT ADDED ENTRY--TOPICAL TERM | |
| Topical term or geographic name entry element | MANAGEMENT-BUSINESS MANAGEMENT-FINANCIAL MANAGEMENT-ACCOUNTING |
| 650 ## - SUBJECT ADDED ENTRY--TOPICAL TERM | |
| Topical term or geographic name entry element | SMES |
| 690 ## - LOCAL SUBJECT ADDED ENTRY--TOPICAL TERM (OCLC, RLIN) | |
| Topical term or geographic name as entry element | MANAGEMENT-BUSINESS MANAGEMENT-INFORMATION MANAGEMENT |
| 942 ## - ADDED ENTRY ELEMENTS (KOHA) | |
| Suppress in OPAC | 0 |
| Withdrawn status | Lost status | Source of classification or shelving scheme | Damaged status | Not for loan | Home library | Current library | Shelving location | Date acquired | Total Checkouts | Full call number | Barcode | Date last seen | Copy number | Price effective from | Koha item type |
|---|---|---|---|---|---|---|---|---|---|---|---|---|---|---|---|
| Dewey Decimal Classification | London | London | Journal article | 09/07/2002 | ABS65625 | 118748-1001 | 06/08/2019 | 1 | 06/08/2019 | Journal article |